00314 a2200133 450000100060000002000180000604000220002410000260004624000190007224500140009130000070010536200090011265000590012161400 a9783126760126 cAnchieta - Pituba aSprachen, Ernst Klett10aMagnet A1lpor10aMagnet A1 a640 a2007 4aLínguas germânicas (teutônicas) língua alemã